Clinical pediatric urology: T1
All chapters in this book have been completely rewritten, in many instances by new authors, thus bringing the subject matter up to date, clearly reflecting the changes in the field, and adding a new perspective in the approach to the clinical problems.
Αποθηκεύτηκε σε:
| Κύριος συγγραφέας: | |
|---|---|
| Μορφή: | Βιβλίο |
| Γλώσσα: | Undetermined |
| Έκδοση: |
London
W.B. Saunders Co
1992
|
| Θέματα: | |
| Ετικέτες: |
Προσθήκη ετικέτας
Δεν υπάρχουν, Καταχωρήστε ετικέτα πρώτοι!
|
| Thư viện lưu trữ: | Trung tâm Học liệu Trường Đại học Cần Thơ |
|---|
| LEADER | 00882nam a2200205Ia 4500 | ||
|---|---|---|---|
| 001 | CTU_14822 | ||
| 008 | 210402s9999 xx 000 0 und d | ||
| 020 | |b 276.48df | ||
| 082 | |a 618.926 | ||
| 082 | |b K29/T1 | ||
| 100 | |a Panayotis P Kelalis | ||
| 245 | 0 | |a Clinical pediatric urology: T1 | |
| 245 | 0 | |c Panayotis P Kelalis, A Barry Belman, Lowell R King | |
| 260 | |a London | ||
| 260 | |b W.B. Saunders Co | ||
| 260 | |c 1992 | ||
| 520 | |a All chapters in this book have been completely rewritten, in many instances by new authors, thus bringing the subject matter up to date, clearly reflecting the changes in the field, and adding a new perspective in the approach to the clinical problems. | ||
| 650 | |a pediatric urolory,urologic diseases - in infancy and childhood | ||
| 904 | |i Nguyễn Quang Điền, 970107 | ||
| 980 | |a Trung tâm Học liệu Trường Đại học Cần Thơ | ||